| 000 | 00735nam a22002177a 4500 | ||
|---|---|---|---|
| 001 | 76406 | ||
| 003 | BD-RjUL | ||
| 005 | 20211209082833.0 | ||
| 008 | 191202s2017 bg ||||| |||| 00| 0 ben d | ||
| 020 | _a9789849238126 | ||
| 035 | _a(BD-RjUL)76627 | ||
| 040 |
_aBD-RjUL _beng _cBD-RjUL |
||
| 041 | _aeng | ||
| 082 |
_223 _a954.9205092 _bSAA 2017 |
||
| 100 |
_aসাবরিন, সালিম _9235884 |
||
| 245 |
_aএএইচএম কামারুজ্জামান / _cসালিম সাবরিন |
||
| 260 |
_aঢাকা : _bউৎস প্রকাশন, _c২০১৯ |
||
| 300 |
_a২০৮ পৃ. ; _c২২ সেমি. |
||
| 650 |
_aPoliticians _zBangladesh _vBiography. _9235885 |
||
| 942 |
_2ddc _cBK |
||
| 999 |
_c76406 _d76406 |
||